Faculty of Law Library — Cairo University

Official Online Catalog

القضاء الجنائي الدولي وحقوق الإنسان ( الطريق من نورمبرج إلى روما ) : (Record no. 69792)

MARC details
000 -LEADER
fixed length control field 01366nam a2200325 i 4500
003 - CONTROL NUMBER IDENTIFIER
control field EG-GICUC
005 - DATE AND TIME OF LATEST TRANSACTION
control field 20260409081458.0
008 - FIXED-LENGTH DATA ELEMENTS--GENERAL INFORMATION
fixed length control field 260409s2008 ua ado|fr|||| 00| 0 ara d
017 ## - COPYRIGHT OR LEGAL DEPOSIT NUMBER
Copyright or legal deposit number 2008/20475
040 ## - CATALOGING SOURCE
Original cataloging agency EG-GICUC
Language of cataloging ara
Transcribing agency EG-GICUC
Modifying agency EG-GICUC
Description conventions rda
082 04 - DEWEY DECIMAL CLASSIFICATION NUMBER
Edition number 21
Classification number 341.77
Item number اي . ق
092 04 - LOCALLY ASSIGNED DEWEY CALL NUMBER (OCLC)
Edition number 21
099 ## - LOCAL FREE-TEXT CALL NUMBER (OCLC)
Classification number Law1 11 341.77 اي . ق 2008
100 0# - MAIN ENTRY--PERSONAL NAME
Personal name أيمن راشد
Relator term مؤلف.
245 02 - TITLE STATEMENT
Title القضاء الجنائي الدولي وحقوق الإنسان ( الطريق من نورمبرج إلى روما ) :
Remainder of title ( الطريق من نورمبرج إلى روما ) /
Statement of responsibility, etc. القاضي / أيمن راشد.
250 ## - EDITION STATEMENT
Edition statement الطبعة الأولي،
264 #1 - PRODUCTION, PUBLICATION, DISTRIBUTION, MANUFACTURE, AND COPYRIGHT NOTICE
Place of production, publication, distribution, manufacture القاهرة :
Name of producer, publisher, distributor, manufacturer وزارة الخارجية،
Date of production, publication, distribution, manufacture, or copyright notice 2008.
300 ## - PHYSICAL DESCRIPTION
Extent مختلف الترقيم :
Other physical details إيضاحيات، صور،
Dimensions 24 سم.
336 ## - CONTENT TYPE
Source rda content
Content type term text
337 ## - MEDIA TYPE
Source rda media
Media type term Computer
338 ## - CARRIER TYPE
Source rda carrier
Carrier type term Online Resource
546 ## - LANGUAGE NOTE
Language note النص باللغة العربية
590 ## - LOCAL NOTE (RLIN)
Local note إهداء مكتبة الأستاذ الدكتور صلاح عامر
650 14 - SUBJECT ADDED ENTRY--TOPICAL TERM
Topical term or geographic name entry element القانون الدولى العام
Source of heading or term
651 1# - SUBJECT ADDED ENTRY--GEOGRAPHIC NAME
Source of heading or term
710 #2 - ADDED ENTRY--CORPORATE NAME
Corporate name or jurisdiction name as entry element مشروع دعم القدرات في مجال الحقوق الإنسان
856 40 - ELECTRONIC LOCATION AND ACCESS
Uniform Resource Identifier <a href="https://fll.law.cu.edu.eg/fulltext/bks/B11-09696.pdf">https://fll.law.cu.edu.eg/fulltext/bks/B11-09696.pdf</a>
905 ## - Cataloger and Reviser Names
Cataloger Name: Basma Mohamed
942 ## - ADDED ENTRY ELEMENTS (KOHA)
Source of classification or shelving scheme Dewey Decimal Classification
Koha item type Books
Edition 21
Suppress in OPAC No
Holdings
Withdrawn status Lost status Source of classification or shelving scheme Damaged status Not for loan Collection Home library Current library Date acquired Source of acquisition Total checkouts Full call number Barcode Date last seen Copy number Price effective from Koha item type
    Dewey Decimal Classification   Not for loan القانون الدولي العام جــــامعة القــاهرة مكتبة كلية الحقوق - المبنى الرئيسي 09.04.2026 إهداء مكتبة الأستاذ الدكتور صلاح عامر   Law1 11 341.77 اي . ق 2008 1109696 C1 B11-09696 09.04.2026 1 09.04.2026 Books

© All rights reserved — Faculty of Law, Cairo University